000 00379nam a2200145Ia 4500
008 240624s9999 xx 000 0 und d
041 _aeng
082 _a423.52 SET
100 _aSETHI
245 _aCOURSE IN PHONETICS AND SPOKEN ENGLISH
250 _a(2nd ed.)
260 _c2008
_aNew Delhi
_bPrentice-Hall of India
300 _aix, : 221 : p. : cm. ; 24
365 _cRS
_b36
999 _c10052
_d10052